00756nam a2200229Ia 4500003000400000005001700004008004100021020001500062040000700077082001500084100001700099245007700116250000700193260003300200300002700233500001900260600002100279650005000300942001200350952014900362999001500511OSt20241023053212.0240925s9999 xx 000 0 und d a1578701643 csd a004.67 CIS aCisco System 0aCisco Ios 12.0 Solutions for Network Protocols: Ipx, Appletalk, and More aNA aIndianapolis:bCISCOc,1999. axx,810p.bIIfOriginal aIncludes Index aComputer Science aComputer science, information & general works cBK2ddc 001040708CSaUITUbUITUd2002-03-21eProgressive International Aggenciesg2908.00l0o004.67 CISpQ4288r2024-09-25 07:13:27w2024-09-25yBK c6787d6787